书目信息 |
| 题名: |
旅游民俗摄影
|
|
| 作者: | 何亮 , 宋开国 著 | |
| 分册: | ||
| 出版信息: | 广州 广东旅游出版社 2000.07 |
|
| 页数: | 93页 | |
| 开本: | 24开 | |
| 丛书名: | 旅游摄影丛书 | |
| 单 册: | ||
| 中图分类: | J419.3 | |
| 科图分类: | ||
| 主题词: | 摄影技术--普及读物 , 摄影艺术--各种 | |
| 电子资源: | ||
| ISBN: | 7-80653-087-8 | |
| 000 | 00679nam0 2200241 45 | |
| 001 | 0103201508 | |
| 005 | 20031219104049.0 | |
| 010 | @a7-80653-087-8@dCNY28.00 | |
| 100 | @a20010320d2000 km y0chiy0120 ea | |
| 101 | 0 | @achi |
| 105 | @a z 000yy | |
| 200 | 1 | @a旅游民俗摄影@ALu You Min Su She Ying@f何亮,宋开国著@FHe Liang,Song Kai Guo Zhu |
| 210 | @a广州@c广东旅游出版社@d2000.07 | |
| 215 | @a93页@c彩图@d24开 | |
| 225 | @a旅游摄影丛书 | |
| 410 | @12001 @a旅游摄影丛书 | |
| 606 | 0 | @a摄影技术@x普及读物 |
| 606 | 0 | @a摄影艺术@x各种 |
| 690 | @aJ419.3 | |
| 701 | 0 | @a何亮@4著 |
| 701 | 0 | @a宋开国@4著 |
| 801 | @aCN@bTSTC@c20010320 | |
| 905 | @b295731-735@dJ419.3@e121@f5 | |
| 旅游民俗摄影/何亮,宋开国著.-广州:广东旅游出版社,2000.07 |
| 93页:彩图;24开.-(旅游摄影丛书) |
| ISBN 7-80653-087-8:CNY28.00 |
| ● |
| 相关链接 |
|
|
|
|
正题名:旅游民俗摄影
索取号:J419.3/121
 
预约/预借
| 序号 | 登录号 | 条形码 | 馆藏地/架位号 | 状态 | 备注 |
| 1 | 0295731 | 002957312 | 第一借阅区/ [索取号:J419.3/121] | 在馆 | |
| 2 | 0295732 | 002957321 | 第一借阅区/ [索取号:J419.3/121] | 在馆 | |
| 3 | 0295733 | 002957330 | 第一借阅区/ [索取号:J419.3/121] | 在馆 | |
| 4 | 0295734 | 002957349 | 第一借阅区/ [索取号:J419.3/121] | 在馆 | |
| 5 | 0295735 | 002957358 | 第一样本阅览室/ [索取号:J419.3/121] | 在馆 |